Представление документа в формате RUSMARC

ПолеНазваниеЗначение
  Тип записи a
  Библиографический уровень m
001 Контрольный номер RU/REG73/CBS_GRAD/398c1f98c9984364a4d894a2dceaae7d
005 Дата корректировки 20250818145538.8
010 Индекс ISBN __
a ISBN 978-5-353-10688-3
b Уточнения в пер.
d Цена 168 р. 39 к.
9 Тираж 6000 экз.
100 Данные общей обработки __
a Данные общей обработки 20250514d2025 c y0rusy0189## ca
101 Язык документа 0_
a Язык текста rus
102 Страна публикации __
a Страна публикации RU
105 Кодированные данные (монография) __
a Кодированные данные (монография) a z 000ay
200 Заглавие и сведения об ответственности 1_
a Заглавие Русские сказки
f Первые сведения об ответственности Даль Владимир Иванович
g Последующие сведения об ответственности художник А. Лебедев
203 Вид содержания и тип средства __
a Вид содержания Текст
b Характеристика содержания визуальное
c Тип средства непосредственный
210 Выходные данные 1_
a Место издания Москва
c Издательство РОСМЭН
d Дата издания 2025
215 Физическое описание __
a Объем 96 с.
d Формат 21 см
225 Серия 2_
a Серия Внеклассное чтение
300 Общие примечания __
a Общие примечания Содерж.: В книгу вошли самые известные сказки В. И. Даля: Старик-годовик Журавль и цапля Лиса и Медведь Девочка Снегурочка и другие.
333 Примечание о целевом назначении __
a Примечание о целевом назначении 0+
606 Тематические рубрики 0_
a Основная рубрика Проза (д. л.)
610 Ключевые слова 0_
a Ключевые слова русские сказки; сказки о животных; поучительные сказки
686 Индексы других классификаций __
a Классификационный индекс 84(2Рос=Рус)1
2 Код системы rubbk
700 Автор _1
a Фамилия Даль
b Имя (инициалы) В. И.
g Полное личное имя Владимир Иванович
4 Код отношения 070
702 Вторичная интеллектуальная ответственность _1
a Фамилия Лебедев
b Имя (инициалы) А.
4 Код отношения 040
801 Источник записи _0
a Страна RU
b Организация RuCBSGrad
c Дата составления 20250514
g Правила каталогизации RCR
801 Источник записи _1
a Страна RU
b Организация RuCBSGrad
c Дата составления 20250514
g Правила каталогизации RCR
852 Данные о местонахождении __
a Наименование организации МБУК "ЦБС г.Димитровграда"
i Авторский знак Д 15
901 Тип документа __
t Тип документа m
909 Создатель записи __
a Создатель записи Терехова
b Дата создания записи 20250514
910 Корректоры записи __
a Корректор записи Гонюкова
b Дата внесения изменения в запись 20250818